マリオシリーズ クッパ以外のラスボス - Statistics

General Stats
  • This quiz has been taken 101 times
  • The average score is 4 of 17
Answer Stats
登場作品 ボス名 % Correct
ドンキーコング(AC)ドンキーコング(GB) マリオvs.ドンキーコング ドンキーコング
90%
スーパーマリオランド2 6つの金貨 ワリオ
60%
スーパーマリオUSA マムー
32%
マリオ&ルイージRPG2 ゲドンコ姫(姉)
30%
スーパーマリオRPG カジオー
29%
スーパーマリオランド タタンガ
27%
ペーパーマリオ オリガミキング オリー王
26%
ペーパーマリオRPG カゲの女王
23%
マリオカートDS ハナチャン
17%
マリオ&ルイージRPGマリオ&ルイージRPG 1DX ゲラゲモーナ
16%
スーパーペーパーマリオ スーパーディメーン
16%
マリオパーティ3 ミレニアムスター
10%
マリオ+ラビッツ ギャラクシーバトル クルサ
5%
スーパーマリオストライカーズ スーパーチーム
2%
マリオ&ルイージRPG3!!!マリオ&ルイージRPG 3DX ダークスターコア
2%
マリオスポーツミックス ベヒーモス
2%
マリオゴルフ スーパーラッシュ キングスノー
1%
No matching quizzes found
Score Distribution
Percent of People with Each Score
Percentile by Number Answered
Your Score History
You have not taken this quiz